Sports Quiz

Random Sports or World Quiz

World Series game 7 shutouts Quiz Stats

Quiz not verified by Sporcle

Challenge
Share
Tweet
Embed
Score 0/9 Timer 05:00
0 Plays Today
Pitchers % Correct
Jack Morris
93.9%
Sandy Koufax
66.7%
Bret Saberhagen
45.5%
Lew Burdette
39.4%
Johnny Podres
33.3%
Ralph Terry
27.3%
Dizzy Dean
24.2%
Babe Adams
21.2%
Johnny Kucks
18.2%

You're not logged in!

Compare scores with friends on all Sporcle quizzes.
Join for Free
OR
Log In

You Might Also Like...

Show Comments

Extras

Top Quizzes Today


Score Distribution

Your Account Isn't Verified!

In order to create a playlist on Sporcle, you need to verify the email address you used during registration. Go to your Sporcle Settings to finish the process.

Report this User

Report this user for behavior that violates our Community Guidelines.

Details: